00469nam a22001337a 4500020001600000082000800016100002400024245009500048260003500143300002600178650003100204700004200235856005800277 qHard Cover. a200 aKarim Iqbal, Danish aDesign and Development of a test rig for testing of Fuzzy controller/cDanish Karim Iqbal. aKarachi :bPNEC - NUST,c2013. a62 p. : ill. ;c30cm. aMS-Electrical Engineering  aSupervisor: Dr. Muhammad Bilal Kadri. u http://10.250.8.41:8080/xmlui/handle/123456789/13295